LEADER 05146nam 2200769 a 450 001 9910955848403321 005 20240516185954.0 010 $a9786612703300 010 $a9781282703308 010 $a1282703307 010 $a9781849510714 010 $a1849510717 035 $a(CKB)2670000000035246 035 $a(EBL)951173 035 $a(OCoLC)797915392 035 $a(SSID)ssj0000445153 035 $a(PQKBManifestationID)12128347 035 $a(PQKBTitleCode)TC0000445153 035 $a(PQKBWorkID)10480895 035 $a(PQKB)10106156 035 $a(Au-PeEL)EBL951173 035 $a(CaPaEBR)ebr10441074 035 $a(CaONFJC)MIL270330 035 $a(PPN)228034027 035 $a(FR-PaCSA)88851921 035 $a(MiAaPQ)EBC951173 035 $a(FRCYB88851921)88851921 035 $a(DE-B1597)722278 035 $a(DE-B1597)9781849510714 035 $a(EXLCZ)992670000000035246 100 $a20110121d2010 uy 0 101 0 $aeng 135 $aur|n|---||||| 181 $ctxt 182 $cc 183 $acr 200 10$aYUI 2.8 $edevelop your next-generation web applications with the YUI JavaScript development library /$fDaniel Barreiro, Dan Wellman 205 $a1st ed. 210 $aBirmingham, U.K. $cPackt Open Source$d2010 215 $a1 online resource (404 p.) 225 1 $aCommunity experience distilled 300 $aIncludes index. 311 08$a9781849510707 311 08$a1849510709 327 $aCover; Copyright; About the Authors; About the Reviewers; Table of Contents; Preface; Chapter 1: Getting Started with YUI; What is the YUI?; Who is it for and who will it benefit the most?; Why the Yahoo! User Interface Library?; Graded browser support; What comes with the YUI?; The library topography; The core files; The Utilities; The controls; The CSS Tools; The developer tools; The library's structure; What else does Yahoo! provide?; Are there any licensing restrictions?; Installing the YUI; Creating an offline library repository; Using the library files in your own web pages 327 $aCode placementPerfect date selection with the Calendar Control; The basic Calendar class; The CalendarGroup class; Implementing a Calendar; The initial HTML page; Highly eventful; The DateMath class; Summary; Chapter 2: Creating Consistency with the CSS Tools; Tools of the trade; Element normalization with reset.css; Element rules; First base; Tidying up text with fonts.css; Layout pages with ease using grids.css; Setting up your page structure; The basic building blocks of your pages; Grid nesting; A word on Sam; Summary; Chapter 3: DOM Manipulation and Event Handling; Working with the DOM 327 $aDOM conceptsCommon DOM scripting techniques; Common DOM methods; Further reading; DOM-the old way; DOM-the YUI way; DOM manipulation in YUI; Many DOMs make light work; The Dom class; Using the Dom class; The Region class; Additional useful Dom methods; Other classes; The Selector Utility; Listening for Events the easy (YUI) way; Event models; Old styled events; YUI event capturing; Evolving event handlers; Reacting when appropriate; A look at the Event Utility; Listeners; Event delegation; Other plugins; Custom events; The evolution of Custom Events; EventProvider; Custom event basics 327 $aThe Element UtilitySubclassing from Element; Adding custom methods and properties; Using AttributeProvider; Summary; Chapter 4: Calling Back Home; Introduction to Connection Manager; The XMLHttpRequest object interface; A closer look at the response object; The Callback object; Basic communication; Sending forms; Posting; Yahoo Query Language (YQL); Overcoming the XDS restriction; Working with XML; Processing a JSON reply; Using JSONP with the Get utility; Loading library components via Get; Summary; Chapter 5: Animation, the Browser History Manager, and Cookies 327 $aIntroducing the Animation UtilityThe class structure of the Animation Utility; The Animation constructor; Animation's attributes; Custom Animation events; The subclasses; Additional classes; Using Animation to create an Accordion Widget; Listening to the end of the Animation; The CSS for Accordion; Using Element; Dealing with motion; Restoring the browser's expected functionality; The BHM class; Using BHM; The BHM script; Cookies; Summary; Chapter 6: Content Containers and Tabs; Meet the YUI Container family; Module; Overlay; Panel; Tooltip; Dialog; SimpleDialog; Container Effects 327 $aOverlayManager 330 $aDevelop your next-generation web applications with the YUI JavaScript development library 606 $aApplication software$xDevelopment 606 $aJavaScript (Computer program language) 615 0$aApplication software$xDevelopment. 615 0$aJavaScript (Computer program language) 676 $a005.13 676 $a006.76 700 $aBarreiro$b Daniel$01798830 701 $aWellman$b Dan$01795725 712 02$aYahoo! Inc. 801 0$bMiAaPQ 801 1$bMiAaPQ 801 2$bMiAaPQ 906 $aBOOK 912 $a9910955848403321 996 $aYUI 2.8$94341791 997 $aUNINA